Ekonomista Czasopismo poswiecone nauce i potrzebom zycia

Guardado en:
Detalles Bibliográficos
Formato: Seriadas
Lenguaje:polaco
Publicado: Warszawa Wydawnictwo ekonomiczne 1991
Materias:
Etiquetas: Agregar Etiqueta
Sin Etiquetas, Sea el primero en etiquetar este registro!

MARC

LEADER 00000nas2a2200000 4500
001 s015160
005 20240109094333.6
022 |a 0013-3205 
041 0 |a pol 
044 |a PL 
245 1 0 |a Ekonomista  |b Czasopismo poswiecone nauce i potrzebom zycia 
264 1 |a Warszawa  |b Wydawnictwo ekonomiczne  |c 1991 
300 |a 1 zv. 
773 0 |w eu_un_cat*s121066 
610 2 0 |a ekonómia politická 
610 2 0 |a rozvoj hospodársky 
610 2 0 |a politika hospodárska